[Event "Klubbmesterskap, klasse 1"]
[Site "Ås"]
[Date "1991.??.06"]
[Round "?"]
[White "Furnes, Torstein"]
[Black "Grønvold, Jan"]
[Result "0-1"]
[WhiteElo "1319"]
[BlackElo "1286"]
[Annotator "Furnes, Torstein"]
[PlyCount "82"]
[EventDate "1991.02.05"]

1. e4 c5 2. Nf3 Nf6 3. Nc3 Nc6 4. d4 d5 5. exd5 Nxd5 6. Nxd5 Qxd5 7. c4 Qe4+ 8.
Be3 Bg4 9. Bd3 Bxf3 10. gxf3 Qh4 11. d5 Ne5 12. Qa4+ Kd8 13. Be4 Rc8 14. Qxa7
Nxc4 15. Bxc5 Qf4 16. Bb6+ Nxb6 17. Qxb6+ Rc7 18. d6 exd6 19. Bxb7 Be7 20. Rd1
h5 21. Rd4 Qc1+ 22. Rd1 Qf4 23. O-O Rh6 24. Kh1 d5 25. Rxd5+ Bd6 26. Rxd6+ Rxd6
27. Qb3 Rc1 28. Rg1 Rg6 $6 (28... Rxg1+ 29. Kxg1 Qc1+ 30. Kg2 Rg6+ 31. Kh3 Qf1+
32. Kh4 Qxf2+ 33. Kh3 Qg2+ 34. Kh4 Qxh2#) 29. Qd5+ Kc7 30. Qa5+ Kxb7 31. Qd5+
Kc7 32. Qa5+ Kd7 33. Qd5+ Rd6 34. Qb7+ Rc7 35. Qb5+ Kc8 36. Qe8+ Kb7 37. Qb5+
Ka8 38. Qe8+ Ka7 39. Qe3+ Qxe3 40. fxe3 g6 41. Kg2 Rc2+ 0-1

[Event "Klubbmesterskap, klasse 1"]
[Site "Ås"]
[Date "1991.??.??"]
[Round "?"]
[White "Stensland, Martin"]
[Black "Wilberg, Alf"]
[Result "0-1"]
[WhiteElo "1255"]
[BlackElo "1496"]
[PlyCount "70"]
[EventDate "1991.02.05"]
1. Nf3 Nf6 2. d4 e6 3. Bg5 Be7 4. e3 b6 5. Be2 Bb7 6. Nc3 d6 7. Qd2 O-O 8. O-O
Nbd7 9. a3 c5 10. b4 Rc8 11. bxc5 dxc5 12. dxc5 Nxc5 13. Qxd8 Rfxd8 14. Nb5 a6
15. Nbd4 h6 16. Bh4 g5 17. Nxg5 hxg5 18. Bxg5 Nd5 19. Bxe7 Nxe7 20. Bg4 Kh8 21.
f4 f5 22. Bf3 Rd6 23. Bxb7 Nxb7 24. Rf3 Nc5 25. Raf1 Ne4 26. Rh3+ Kg7 27. Rh4
Ng6 28. Rh3 Rc3 29. a4 Nf6 30. Rf2 Ra3 31. Rf1 Rxa4 32. Rd1 Kf7 33. Rf3 Ra3 34.
h3 Nh4 35. Rg3 Ne4 0-1

[Event "Klubbmesterskap, klasse 1"]
[Site "Ås"]
[Date "1991.??.??"]
[Round "?"]
[White "Weberg, Øyvind"]
[Black "Hellberg, Lars"]
[Result "1/2-1/2"]
[WhiteElo "1627"]
[BlackElo "1374"]
[Annotator "Lea,Per"]
[PlyCount "105"]
[EventDate "1991.02.05"]

1. c4 e6 2. Nc3 Bb4 3. Qc2 f5 4. Nf3 Nf6 5. d3 b6 6. g3 Bb7 7. Bg2 O-O 8. O-O
Bxc3 9. Qxc3 d6 10. Bd2 Nbd7 11. Rfc1 c5 12. Ng5 Bxg2 13. Nxe6 Qe7 14. Nxf8 Bb7
15. Nxd7 Qxd7 16. f3 f4 17. Bxf4 d5 18. Qe1 d4 19. Qf2 Re8 20. Rc2 Qc6 21. h3
Nh5 22. e4 dxe3 23. Bxe3 Nxg3 24. Bf4 Nh5 25. Bh2 Rf8 26. Rf1 Qg6+ 27. Qg2 Qxd3
28. Rc3 Qd4+ 29. Qf2 Qd7 30. Qh4 Rf5 31. Qg4 Nf6 32. Qg2 Qd4+ 33. Qf2 Rg5+ 34.
Kh1 Qd7 35. Rg1 Ne4 36. fxe4 Bxe4+ 37. Rf3 Qxh3 38. Rxg5 Bxf3+ 39. Rg2 $4 ({
Hvit beholder vinststillingen etter} 39. Kg1 {
Svart har bare 2 bønder i kompensasjon for tårnet.}) 39... Bxg2+ 40. Qxg2 Qxg2+
41. Kxg2 Kf7 42. Bb8 a6 43. Ba7 b5 44. cxb5 axb5 45. Bxc5 g5 46. Kf3 h5 47. b3
Ke6 48. Be3 Kf5 49. a4 $4 {For andre gang kaster hvit bort vinsten. Allerede
her ser Aftenposten-journalisten bak de svarte spakene at når hvit har
randbonde, løper som ikke behersker forvandlingsfeltet og kongen for langt
unna, så er stillingen remis. Den enkleste gevinstvarianten er det banale} (49.
Bxg5 Kxg5 50. a4 bxa4 51. bxa4 {og svarts konge er utenfor bondens kvadrat
(for lesere som ikke er bevandret i bondesluttspillets kunst: kongen klarer
ikke å stoppe bonden)}) 49... g4+ 50. Kg3 bxa4 51. bxa4 Ke5 52. Kh4 Kd6 53.
Kxh5 {Hvem som moret seg mest over partiet: hvit, svart eller tilskuerne, skal
være usagt. Men kjenner jeg Øyvind rett, så var det han - etter at den første
fortvilelsen over et tapt halvpoeng var over (etter ca 15 sekunder)} 1/2-1/2

[Event "Klubbmesterskap, klasse 1"]
[Site "Ås"]
[Date "1991.??.??"]
[Round "?"]
[White "Rosenfeld, Hans Joachim"]
[Black "Wilberg, Alf"]
[Result "0-1"]
[WhiteElo "1247"]
[BlackElo "1496"]
[PlyCount "62"]
[EventDate "1991.02.05"]

1. e4 b6 2. d4 e6 3. Nc3 Bb7 4. Bd3 f5 5. Nf3 fxe4 6. Bxe4 Nc6 7. Ne5 Nf6 8.
Bg5 d5 9. Bf3 Be7 10. Qd2 Nxe5 11. dxe5 Nd7 12. Bxe7 Qxe7 13. Qe3 O-O-O 14.
O-O-O Kb8 15. Nb5 a6 16. Nd4 c5 17. Nb3 d4 18. Qe2 Bxf3 19. gxf3 Ka7 20. Nd2
Qg5 21. Rde1 g6 22. Kb1 Rdf8 23. Nc4 Qf4 24. Nd6 Qxf3 25. Qc4 Nxe5 26. Qxe6 Nc6
27. Rhf1 Rf6 28. Nc8+ Kb7 29. Qd7+ Kb8 30. Nd6 Rxd6 31. Qxd6+ Kb7 0-1

[Event "Klubbmesterskap, klasse 1"]
[Site "Ås"]
[Date "1991.??.??"]
[Round "?"]
[White "Rosenfeld, Hans Joachim"]
[Black "Wilberg, Alf"]
[Result "0-1"]
[WhiteElo "1247"]
[BlackElo "1496"]
[PlyCount "56"]
[EventDate "1991.02.05"]

1. e4 b6 2. d4 e6 3. Nc3 Bb7 4. Bd3 f5 5. Nf3 fxe4 6. Bxe4 Nc6 7. Ne5 Nf6 8.
Bg5 d5 9. Bf3 Be7 10. Qd2 Nxe5 11. dxe5 Nd7 12. Bxe7 Qxe7 13. Qe3 O-O-O 14.
O-O-O Kb8 15. Nb5 a6 16. Nd4 c5 17. Nb3 d4 18. Qe2 Bxf3 19. gxf3 Ka7 20. Nd2
Qg5 21. Rde1 g6 22. Kb1 Rhf8 23. Nc4 Qf4 24. Nd6 Qxf3 25. Qc4 Nxe5 26. Qxe6 Nc6
27. Rhf1 Rf6 28. Nc8+ Kb7 0-1

[Event "Klubbmesterskap, klasse 1"]
[Site "Ås"]
[Date "1991.??.??"]
[Round "?"]
[White "Weberg, Øyvind"]
[Black "Stensland, MArtin"]
[Result "1/2-1/2"]
[WhiteElo "1627"]
[BlackElo "1255"]
[PlyCount "104"]
[EventDate "1991.02.05"]

1. e4 e6 2. Nf3 d5 3. e5 c5 4. g3 Ne7 5. Bg2 Nec6 6. d3 Be7 7. O-O Nd7 8. Re1
O-O 9. c3 Qb6 10. Nbd2 f5 11. exf6 Nxf6 12. Ng5 Nd8 13. Nf1 Nf7 14. Nf3 Ng4 15.
h3 Nf6 16. Qc2 Qd6 17. Bf4 Qb6 18. g4 Bd6 19. Ne5 Qc7 20. Qe2 Nxe5 21. Bxe5
Bxe5 22. Qxe5 Qxe5 23. Rxe5 Bd7 24. Rae1 Rf7 25. Ng3 Raf8 26. R1e2 g6 27. a4
Kg7 28. a5 Ne8 29. c4 dxc4 30. dxc4 b6 31. Ne4 h6 32. g5 h5 33. h4 Rf4 34. Bh3
Kf7 35. Nd2 Nc7 36. Kg2 Rxh4 37. Ne4 Ke7 38. b3 Rhf4 39. Nf6 Bc8 40. axb6 axb6
41. Nd5+ Nxd5 42. cxd5 Kd6 43. dxe6 Ke7 44. Kg1 Rf3 45. R5e3 R8f4 46. Bg2 Rxe3
47. Rxe3 Rg4 48. Kh2 Rxg5 49. Bh3 Rd5 50. Rg3 g5 51. Re3 Rd6 52. Re5 g4 1/2-1/2

[Event "Klubbmesterskap, klasse 1"]
[Site "Ås"]
[Date "1991.??.01"]
[Round "?"]
[White "Hellberg, Lars"]
[Black "Olsen, Trygve"]
[Result "0-1"]
[WhiteElo "1374"]
[BlackElo "1281"]
[Annotator "Lea,Per"]
[PlyCount "54"]
[EventDate "1991.02.05"]

1. e4 e6 2. d4 g6 3. Nf3 Bg7 4. e5 b6 5. Ng5 Nh6 6. Nc3 f5 7. exf6 Bxf6 8. Nce4
$6 (8. Nxe6 $1 dxe6 9. Bxh6 Nc6 (9... Bxd4 10. Qf3 Qf6 11. Qxa8 Bxc3+ 12. Kd1
Bxb2 13. Rb1 Kd7 14. Qxb8 Ba6 15. Qxa7 Qd4+ 16. Bd3 Bxd3 17. Rxb2 Qxb2 18. cxd3
Qb5 19. Kd2 Qb2+ 20. Ke1 Qb1+ 21. Ke2 Qxh1 22. Qa4+ Kd6 23. Bf4+ Ke7 24. Qd4
Ra8 (24... Rc8 25. Qg7+ Ke8 26. Bg5 {1-0}) (24... Rf8 25. Bg5+ Kf7 26. Qd7+ Kg8
27. Qxe6+ Kg7 28. Qe7+ Rf7 29. Qe5+ Kg8 30. Bh6 {1-0}) 25. Qg7+ Ke8 26. Qg8+
Ke7 27. Qxa8 $18) 10. Bb5 $18) 8... Bb7 9. Be3 Nf5 10. Qd2 Qe7 11. Bd3 Bxd4 12.
Bxd4 Nxd4 13. O-O-O Nbc6 14. g4 h6 15. Nh3 Nf3 16. Qe3 Nce5 17. Bb5 O-O-O 18.
g5 d5 19. Nf6 d4 20. Qe2 Qc5 21. Nf4 Nxg5 22. h4 Bf3 23. Qd2 Qxb5 24. hxg5 Nc4
25. b3 Nxd2 26. Nxg6 Qxg5 27. Ne7+ Kb7 0-1

[Event "Klubbmesterskap, klasse 1"]
[Site "Ås"]
[Date "1991.??.??"]
[Round "?"]
[White "Weberg, Øyvind"]
[Black "Teigen, Jan"]
[Result "0-1"]
[WhiteElo "1627"]
[BlackElo "1731"]
[PlyCount "60"]
[EventDate "1991.02.05"]

1. c4 Nf6 2. Nc3 g6 3. g3 Bg7 4. Bg2 O-O 5. Nf3 d6 6. O-O c6 7. b4 Ne4 8. Bb2
Nxc3 9. Bxc3 e5 10. d3 e4 11. Bxg7 exf3 12. Bxf8 fxg2 13. Kxg2 Qxf8 14. Qd2 Nd7
15. a4 Qe7 16. Rfc1 Nf8 17. h4 Qe6 18. Rh1 h5 19. b5 c5 20. Rac1 Qe5 21. e3 b6
22. d4 cxd4 23. exd4 Bb7+ 24. f3 Qf6 25. Qf2 Ne6 26. Rhd1 Re8 27. a5 Qf5 28.
Rc3 g5 29. Qc2 $4 Bxf3+ $3 30. Kh2 Qxc2+ 0-1

[Event "Klubbmesterskap, klasse 1"]
[Site "Ås"]
[Date "1991.??.??"]
[Round "?"]
[White "Wilberg, Alf"]
[Black "Grønvold, Jan"]
[Result "1/2-1/2"]
[WhiteElo "1496"]
[BlackElo "1286"]
[PlyCount "46"]
[EventDate "1991.02.05"]

1. Nc3 c5 2. e4 Nc6 3. Nf3 e5 4. Bc4 d6 5. d3 Be6 6. Nd5 Na5 7. Bb5+ Bd7 8. a4
a6 9. Bxd7+ Kxd7 10. Ng5 Ke8 11. Qf3 Nf6 12. O-O h6 13. Nxf6+ Qxf6 14. Qxf6
gxf6 15. Nh3 Nc6 16. c3 Kd7 17. f4 Be7 18. Bd2 a5 19. Rad1 Rag8 20. fxe5 dxe5
21. Be3 Ke6 22. Rd2 h5 23. Rf5 h4 1/2-1/2

[Event "Klubbmesterskap, klasse 1"]
[Site "Ås"]
[Date "1991.??.??"]
[Round "?"]
[White "Rosenfeld, Hans Joachim"]
[Black "Hellberg, Lars"]
[Result "1/2-1/2"]
[WhiteElo "1247"]
[BlackElo "1374"]
[Annotator "Wilberg, Alf"]
[PlyCount "66"]
[EventDate "1991.02.05"]

1. e4 e5 2. Nf3 Nf6 3. Nxe5 d6 4. Nxf7 Kxf7 5. d4 Be7 6. Nc3 Re8 7. Bc4+ Be6 8.
Bxe6+ Kxe6 9. O-O Kf7 10. f4 Kg8 11. e5 dxe5 12. fxe5 Nd5 13. Qf3 c6 14. Qf7+
Kh8 15. Bd2 Rf8 16. Qe6 Nc7 17. Qg4 Nd7 18. Bh6 $4 gxh6 19. Ne4 Nd5 20. Qh3 Bg5
21. Rae1 Nf4 22. Qb3 Nb6 23. Nd6 Qd7 24. Rf3 Qg4 25. Rg3 Ne2+ 26. Rxe2 Qxe2 27.
Nf7+ Rxf7 28. Qxf7 Qd1+ 29. Qf1 Qxd4+ 30. Kh1 Qxe5 31. Rf3 Nd7 32. Rf7 Nf6 33.
Rxb7 Re8 1/2-1/2

[Event "Klubbmesterskap, klasse 1"]
[Site "Ås"]
[Date "1991.??.??"]
[Round "?"]
[White "Furnes, Torstein"]
[Black "Teigen, Jan"]
[Result "0-1"]
[WhiteElo "1319"]
[BlackElo "1731"]
[PlyCount "72"]
[EventDate "1991.02.05"]

1. Nf3 Nf6 2. d4 g6 3. c4 Bg7 4. Nc3 O-O 5. e4 d6 6. Be2 Nc6 7. O-O e5 8. d5
Ne7 9. Bg5 h6 10. Bd2 Ne8 11. h4 f5 12. Nh2 Nf6 13. Qc1 Kh7 14. Bd3 f4 15. g3
g5 $2 (15... Bh3 $17) 16. hxg5 hxg5 17. gxf4 gxf4 18. Bxf4 Bh3 19. Re1 Rg8 20.
Nf3 $2 Bh6+ 21. Ng5+ Bxg5 22. Bxg5 Qd7 23. Be2 Rxg5+ 24. Qxg5 Rg8 25. Qxg8+
Kxg8 26. Kh2 Kf8 27. Rg1 Bg4 28. Rae1 Ng6 29. Rg3 Qh7+ 30. Kg1 Qh5 31. f3 Qh4
32. Kf2 Nh5 33. Reg1 Bh3 34. Nd1 Nxg3 35. Rxg3 Nf4 36. Nc3 Nh5 0-1

[Event "Klubbmesterskap, klasse 1"]
[Site "Ås"]
[Date "1991.??.??"]
[Round "?"]
[White "Wilberg, Alf"]
[Black "Furnes, Torstein"]
[Result "1-0"]
[WhiteElo "1496"]
[BlackElo "1319"]
[PlyCount "107"]
[EventDate "1991.02.05"]

1. d4 Nf6 2. Nf3 d5 3. Bf4 Bf5 4. e3 e6 5. Nbd2 Bd6 6. Bg3 O-O 7. c3 Bxg3 8.
hxg3 Nbd7 9. Be2 c5 10. Nh4 Bg6 11. Nxg6 fxg6 12. Nb3 Ne4 13. Bf3 Qf6 14. Qe2
Ng5 15. dxc5 Nxf3+ 16. gxf3 Qxf3 17. Qxf3 Rxf3 18. Ke2 Raf8 19. Rh2 Ne5 20. Nd4
R3f6 21. f4 Ng4 22. Rh4 h5 23. Rd1 e5 24. Nc2 exf4 25. gxf4 Re8 26. Kf3 Rfe6
27. Rd3 Rf6 28. Rxd5 Rfe6 29. Rd3 Kf7 30. Rh1 Kf6 31. Re1 g5 32. Rd6 gxf4 33.
exf4 Rxd6 34. cxd6 Rxe1 35. Nxe1 Ke6 36. Ke4 Kxd6 37. Kf5 Nf6 38. Kg6 Ke6 39.
Ng2 b6 40. Nh4 a6 41. Kxg7 Nd5 42. f5+ Ke5 43. c4 Nf6 44. Kg6 Ne4 45. Kxh5 Kd4
46. b3 b5 47. cxb5 axb5 48. Kg6 b4 49. f6 Nxf6 50. Kxf6 Kc3 51. Ke5 Kb2 52. Nf3
Kxa2 53. Nd2 Kb2 54. Kd4 1-0

[Event "Klubbmesterskap, klasse 1"]
[Site "Ås"]
[Date "1991.??.??"]
[Round "?"]
[White "Grønvold, Jan"]
[Black "Teigen, Jan"]
[Result "0-1"]
[WhiteElo "1286"]
[BlackElo "1731"]
[Annotator "Lea, Per"]
[PlyCount "70"]
[EventDate "1991.02.05"]

1. e4 g6 2. d4 Bg7 3. Nf3 d6 4. c4 Nf6 5. Nc3 O-O 6. Be2 e5 7. d5 Nh5 8. O-O
Nf4 9. Bxf4 exf4 10. Qd2 g5 11. Nd4 Re8 12. Rfe1 Qf6 13. Nb3 g4 14. Bd3 a6 15.
Qc2 f3 16. gxf3 gxf3 17. Kh1 Qf4 $4 (17... Re5 18. Rg1 Rh5 19. Rae1 (19. Rxg7+
Kxg7 $18) 19... Rxh2+ 20. Kxh2 Qh4#) 18. Rg1 Bg4 19. Rxg4 $4 (19. Rg3 $11)
19... Qxg4 20. Rg1 Qh5 21. Nd4 Kh8 22. Nf5 Be5 23. Ng3 Qh4 24. Qd1 Qf4 25. Qf1
Nd7 26. Nd1 Rg8 27. Qh3 Nf6 28. Ne3 Ng4 29. Nxg4 Rxg4 30. Nf5 Rxg1+ 31. Kxg1
Rg8+ 32. Kh1 Rg2 33. Ng3 f5 34. exf5 Qc1+ 35. Bf1 Bxg3 0-1

[Event "Klubbmesterskap, klasse 1"]
[Site "Ås"]
[Date "1991.??.??"]
[Round "?"]
[White "Wilberg, Alf"]
[Black "Weberg, Øyvind"]
[Result "1/2-1/2"]
[WhiteElo "1496"]
[BlackElo "1627"]
[Annotator "Lea, Per"]
[PlyCount "83"]
[EventDate "1991.02.05"]

1. d4 c5 2. Nf3 e6 3. c3 Nc6 4. Bg5 Nf6 5. e3 cxd4 6. exd4 d5 7. Nbd2 Be7 8.
Bd3 Bd7 9. h3 O-O 10. Qc2 h6 11. Bf4 Rc8 12. a3 Nh5 13. Bh2 Nf6 14. O-O a6 15.
Qd1 Na7 16. Ne5 Bb5 17. f4 $6 Bxd3 18. Nxd3 Nb5 19. Rc1 Nd6 20. g4 $6 {
Angrep er det beste forsvar?} Qb6 21. g5 hxg5 22. fxg5 Nfe4 23. h4 Nf5 $1 24.
Rxf5 $2 {Desperasjon. Bedre:} (24. Bf4 Nxh4 25. Qg4 Nxd2 26. Bxd2 Nf5 27. Rf3
Bd6 28. Rh3 g6 29. Bf4 Kg7 30. Bxd6 Qxd6 31. Kf2 Rh8 32. Rch1 Rcf8 $15) 24...
exf5 25. Nf3 Bd6 26. Nfe5 f6 27. Ng6 Bxh2+ 28. Kxh2 Qd6+ 29. Ndf4 $1 fxg5 30.
hxg5 Nxg5 31. Qh5 $1 Nh7 $2 (31... Ne6 32. Qh8+ Kf7 33. Ne5+ Ke8 34. Qh5+ Kd8
35. Qg6 (35. Nf7+ Rxf7 36. Qxf7 Qxf4+ 37. Kg2 Qd2+ (37... Qxc1 {
1-0, men i følge Fritz blir det raskere matt med:}) 38. Kg3 f4+ 39. Kf3 (39.
Kh4 Qh2+ 40. Kg4 Qg3+ 41. Kf5 Qg5+ 42. Kxe6 Rc6#) 39... Ng5+ 40. Kg4 Nxf7 {1-0.
})) 32. Kg3 Rf6 {Gir bort svarts lille fordel. Bedre var:} (32... Nf6 33. Qh8+
Kf7 34. Qh3 Rfe8 (34... Ne4+ 35. Kg2 Qf6 36. Rg1 Rfe8) 35. Qxf5 Re3+ 36. Kg2
Rce8 $15) 33. Ne5 Rcf8 34. Nfg6 f4+ 35. Kf2 Rxg6 36. Nxg6 Rf6 37. Qxd5+ Qxd5
38. Ne7+ Kf7 39. Nxd5 Rf5 40. c4 Ng5 41. Re1 Ne6 42. Re5 $15 1/2-1/2

[Event "Klubbmesterskap, klasse 1"]
[Site "Ås"]
[Date "1991.??.??"]
[Round "?"]
[White "Hellberg, Lars"]
[Black "Wilberg, Alf"]
[Result "1-0"]
[WhiteElo "1374"]
[BlackElo "1496"]
[PlyCount "53"]
[EventDate "1991.02.05"]

1. e4 b6 2. d4 e6 3. Nf3 Bb7 4. Nc3 Bb4 5. e5 h6 6. Bd3 Ne7 7. O-O Bxc3 8. bxc3
d6 9. Ba3 O-O 10. Re1 c5 11. exd6 Nd5 12. Bb2 Qxd6 13. Be4 c4 14. Ne5 Qc7 15.
Qf3 Nd7 16. Ba3 Nxe5 17. dxe5 Rfd8 18. Rad1 Rd7 19. Bc1 Rad8 20. Rd4 Ne7 $4 21.
Qg4 $4 (21. Bxb7 Rxd4 22. cxd4 Rxd4 23. Be4 $18) 21... Rxd4 22. cxd4 Bxe4 23.
Rxe4 Ng6 24. h4 Kh7 25. Re3 Qe7 26. h5 Qh4 $4 27. hxg6+ 1-0

[Event "Klubbmesterskap, klasse 1"]
[Site "Ås"]
[Date "1991.??.??"]
[Round "?"]
[White "Furnes, Torstein"]
[Black "Weberg, Øyvind"]
[Result "1-0"]
[WhiteElo "1319"]
[BlackElo "1627"]
[PlyCount "89"]
[EventDate "1991.02.05"]

1. e4 e5 2. f4 d5 3. exd5 exf4 4. Nf3 Be7 5. Bb5+ Bd7 6. Bxd7+ Nxd7 7. O-O Nb6
8. d4 Nxd5 9. c4 Ne3 10. Bxe3 fxe3 11. Ne5 Nf6 12. Nc3 O-O 13. Qd3 Re8 14. Rae1
Bd6 15. Nf3 Bf4 16. Qf5 Bh6 17. Re2 Re7 18. Rd1 c6 19. g4 Nxg4 20. Qxg4 g6 21.
Qh4 Qf8 22. Rde1 f5 23. Ng5 Rae8 24. Qg3 f4 25. Qg4 Bxg5 26. Qxg5 f3 27. Rf1
f2+ 28. Kg2 Qf7 29. Nd1 Qxc4 30. Rxe3 Rxe3 31. Nxe3 Qxd4 32. Ng4 Qe4+ 33. Kxf2
Rf8+ 34. Nf6+ Kg7 35. Kg3 Qd3+ 36. Kg2 Qd6 37. Nh5+ Kh8 38. Rxf8+ Qxf8 39. Qf6+
Qxf6 40. Nxf6 Kg7 41. Ne4 b5 42. Kf3 h6 43. Kf4 Kf7 44. Ke5 Ke7 45. b4 1-0

[Event "Klubbmesterskap, klasse 1"]
[Site "Ås"]
[Date "1991.??.??"]
[Round "?"]
[White "Wilberg, Alf"]
[Black "Olsen, Trygve"]
[Result "1-0"]
[WhiteElo "1496"]
[BlackElo "1281"]
[Annotator "Lea,Per"]
[PlyCount "47"]
[EventDate "1991.02.05"]

1. Nc3 g6 2. e4 e5 3. Nf3 Bg7 4. Bc4 c6 5. d3 Nf6 6. Bg5 d6 7. O-O a6 8. d4 O-O
9. dxe5 dxe5 10. Qxd8 Rxd8 11. Nxe5 Rf8 12. f4 b5 13. Bd3 b4 14. Na4 Nbd7 15.
Nxc6 Bb7 16. Nxb4 $2 (16. Ne7+ Kh8 17. e5 $18) 16... Nxe4 17. Bxe4 Bxe4 18. c3
$4 a5 19. Rfe1 Rfe8 20. Rad1 axb4 21. Rxd7 Rxa4 $2 (21... Bc6 $17) 22. Rxe4 $1
Rxe4 23. Rd8+ Bf8 24. Bh6 {Oppgitt. Matten kan bare utsettes, ikke forhindres.}
1-0

[Event "Klubbmesterskap, klasse 1"]
[Site "Ås"]
[Date "1991.??.??"]
[Round "?"]
[White "Grønvold, Jan"]
[Black "Stensland, Martin"]
[Result "1-0"]
[WhiteElo "1286"]
[BlackElo "1255"]
[Annotator "Lea,Per"]
[PlyCount "61"]
[EventDate "1991.02.05"]

1. e4 e6 2. d4 d5 3. Nc3 Bb4 4. Bd2 Bxc3 5. Bxc3 dxe4 6. Bc4 Qg5 7. g3 e3 8. f4
Qe7 9. Qg4 f5 10. Qh5+ g6 11. Qf3 Nf6 12. Qxe3 Nc6 13. a3 Bd7 14. O-O-O O-O-O
15. Nf3 Ne4 16. Be1 h6 17. Rg1 g5 18. Rg2 g4 19. Nd2 Nd6 20. Ba2 Nb5 21. Nc4
Nbxd4 22. Rxd4 Nxd4 23. Qxd4 Bc6 24. Qxa7 Bxg2 25. Qa8+ $2 (25. Ne5 b5 (25...
b6 26. Bc4 $18) 26. Qa6+ Kb8 27. Qxb5+ Kc8 28. Bb4 $16) 25... Kd7 26. Ne5+ Ke8
27. Qa4+ c6 $2 (27... Bc6 28. Nxc6 Qd7 $19) 28. Bb4 Qc7 29. Bxe6 b5 $4 (29...
Bf3) 30. Qa5 Qxa5 31. Bf7# {Morsom mattstilling!} 1-0

[Event "Klubbmesterskap, klasse 1"]
[Site "Ås"]
[Date "1991.??.??"]
[Round "?"]
[White "Weberg, Øyvind"]
[Black "Rosenfeld, Hans Joachim"]
[Result "1-0"]
[WhiteElo "1627"]
[BlackElo "1247"]
[Annotator "Lea,Per"]
[PlyCount "55"]
[EventDate "1991.02.05"]

1. e4 e5 2. Nf3 Nc6 3. Bb5 a6 4. Ba4 Nf6 5. O-O Be7 6. Re1 b5 7. Bb3 O-O 8. c3
d6 9. d4 Bg4 10. Be3 Na5 11. Bc2 Nc4 12. Nbd2 Nxb2 13. Qc1 Nc4 14. Nxc4 Bxf3
15. dxe5 Nxe4 $4 (15... dxe5 16. Nxe5 Bxe4 17. Bxe4 Nxe4 18. Nc6 Qd6 19. Nxe7+
Qxe7 $11) 16. exd6 Nxd6 17. Nxd6 Bxd6 18. gxf3 Qf6 19. Be4 Rae8 20. Qc2 Qh4 21.
f4 Re6 22. f3 Rfe8 23. Qf2 Qf6 24. f5 Re5 25. Bd4 c6 26. Bxe5 Rxe5 27. Qg2 Rc5
28. Rac1 {Oppgitt.} 1-0

[Event "Klubbmesterskap, klasse 1"]
[Site "Ås"]
[Date "1991.??.??"]
[Round "?"]
[White "Stensland, Martin"]
[Black "Hellberg, Lars"]
[Result "1/2-1/2"]
[WhiteElo "1255"]
[BlackElo "1374"]
[Annotator "Lea,Per"]
[PlyCount "67"]
[EventDate "1991.02.05"]

1. d4 f5 2. Nf3 Nf6 3. Bg5 e6 4. Nc3 Bb4 5. e3 O-O 6. Be2 d6 7. O-O Bxc3 8.
bxc3 b6 9. c4 Bb7 10. d5 Qe8 11. Bxf6 Rxf6 12. dxe6 Rxe6 13. Ng5 Qg6 14. h4 Re7
15. Bh5 Qf6 16. Bf3 c6 17. g3 Nd7 18. Bg2 Ne5 19. Qd4 Kh8 20. Rad1 Rd8 21. f4
Ng4 22. Rd3 Qxd4 23. exd4 d5 24. Ra3 a5 25. Rb3 Ba6 26. Rxb6 Bxc4 27. Rfb1 h6
28. Rb8 Re1+ 29. Rxe1 Rxb8 30. Nf7+ Kg8 31. Nd6 Bxa2 32. Nxf5 Rb1 33. Rxb1 Bxb1
34. Ne7+ 1/2-1/2

[Event "Klubbmesterskap, klasse 2"]
[Site "Ås"]
[Date "1991.??.??"]
[Round "?"]
[White "Isaksson, Tomas"]
[Black "Hanssen, Fredrik"]
[Result "1/2-1/2"]
[WhiteElo "1189"]
[BlackElo "928"]
[PlyCount "55"]
[EventDate "1991.02.05"]

1. e4 e5 2. Nf3 Nc6 3. Bb5 Nf6 4. O-O d6 5. Re1 Bd7 6. c3 g6
7. d4 Bg7 8. Bg5 O-O 9. Nbd2 Re8 10. Nf1 a6 11. Ba4 b5 12. Bb3 Na5 13. Bc2 Qc8
14. Ne3 Bc6 15. dxe5 dxe5 16. Bxf6 Bxf6 17. Nd5 Bg7 18. b4 Nb7 19. Bb3 Qd7 20.
Re2 Bxd5 21. Bxd5 c6 22. Bb3 Red8 23. Rd2 Qc7 24. Ng5 Nd6 25. Qf3 Nc4 26. Rxd8+
Rxd8 27. Qe2 h6 28. Nf3 1/2-1/2

[Event "Klubbmesterskap, klasse 2"]
[Site "Ås"]
[Date "1991.??.??"]
[Round "?"]
[White "Sebesta, Martin"]
[Black "Hanssen, Fredrik"]
[Result "1/2-1/2"]
[WhiteElo "1134"]
[BlackElo "928"]
[PlyCount "72"]
[EventDate "1991.02.05"]

1. e4 e5 2. Nf3 Nc6 3. Nc3 Nf6 4. Bb5 d6 5. d3 Bd7 6. Bg5 a6
7. Bc4 Be7 8. Bxf6 Bxf6 9. Nd5 Bg4 10. h3 Bh5 11. g4 Bg6 12. Qd2 h6 13. h4 Rc8
14. h5 Bh7 15. O-O-O b5 16. Nxf6+ Qxf6 17. Bd5 Ne7 18. Qe3 Nxd5 19. exd5 Qf4
20. Qxf4 exf4 21. Rde1+ Kd7 22. Nd4 Rhe8 23. Nc6 f6 24. Kd2 Ra8 25. c4 bxc4 26.
dxc4 Be4 27. Rhf1 Bf3 28. Nd4 Bxg4 29. Rg1 Rxe1 30. Kxe1 Re8+ 31. Kd2 Bxh5 32.
Rxg7+ Re7 33. Rg8 Re8 34. Rg7+ Re7 35. Rg8 Re8 36. Rg7+ Re7 1/2-1/2

[Event "Klubbmesterskap, klasse 2"]
[Site "Ås"]
[Date "1991.??.??"]
[Round "?"]
[White "Hanssen, Fredrik"]
[Black "Køhler, Torbjørn"]
[Result "0-1"]
[WhiteElo "928"]
[BlackElo "1178"]
[PlyCount "92"]
[EventDate "1991.02.05"]

1. e4 e5 2. Nf3 Nc6 3. Bb5 d6 4. Nc3 Bd7 5. d3 a6 6. Ba4 Nf6
7. O-O Nd4 8. Be3 Bxa4 9. Nxa4 Nxf3+ 10. Qxf3 Be7 11. Nc3 O-O 12. Qg3 Kh8 13.
f4 Nh5 14. Qg4 exf4 15. Bxf4 Nxf4 16. Rxf4 Bf6 17. Nd1 Qe7 18. Rb1 Qe6 19. b3
Be5 20. Qxe6 fxe6 21. Rxf8+ Rxf8 22. Nb2 Bd4+ 23. Kh1 Bxb2 24. g3 Bd4 25. Kg2
Rf2+ 26. Kh3 Rxc2 27. Rf1 Rf2 28. Rc1 c5 29. b4 b6 30. bxc5 Bxc5 31. d4 Rxa2
32. dxc5 dxc5 33. Rd1 Kg8 34. Rd6 b5 35. Rxe6 Kf7 36. Rc6 c4 37. Kg4 a5 38. Kf5
Rxh2 39. e5 Rh6 40. Rc5 Rb6 41. Ke4 Ke6 42. Kd4 a4 43. Rc8 Rb7 44. Rc6+ Ke7 45.
Kc5 a3 46. Ra6 c3 0-1

[Event "Klubbmesterskap, klasse 2"]
[Site "Ås"]
[Date "1991.??.??"]
[Round "?"]
[White "Skaug, Torbjørn"]
[Black "Hanssen, Jon Fr"]
[Result "0-1"]
[WhiteElo "1145"]
[BlackElo "936"]
[PlyCount "74"]
[EventDate "1991.02.05"]

1. b4 d5 2. Bb2 Nf6 3. e3 e6 4. b5 a6 5. c4 axb5 6. cxb5 b6 7. d4 Bb4+ 8. Nd2
Ne4 9. Ngf3 Qf6 10. Be2 Bxd2+ 11. Kf1 Bc3 12. Qc2 Bxb2 13. Qxb2 O-O 14. Bd3 Nd7
15. Bxe4 dxe4 16. Ne5 Nxe5 17. dxe5 Qe7 18. Ke2 Qa3 19. Qxa3 Rxa3 20. Rhc1 Ra7
21. Rc4 Bd7 22. Rxe4 Bxb5+ 23. Ke1 Bc6 24. Rg4 Bd5 25. a3 h5 26. Rh4 g6 27. f3
c5 28. Kd2 f5 29. exf6 Rxf6 30. e4 Bc6 31. e5 Rf5 32. g4 Rd7+ 33. Ke3 Rxf3+ 34.
Ke2 Rf4 35. Rg1 Re4+ 36. Kf2 Rf7+ 37. Kg3 Re3# 0-1

[Event "Klubbmesterskap, klasse 2"]
[Site "Ås"]
[Date "1991.??.??"]
[Round "?"]
[White "Hanssen, Fredrik"]
[Black "Eklund, Eivind"]
[Result "1-0"]
[WhiteElo "928"]
[BlackElo "783"]
[PlyCount "35"]
[EventDate "1991.02.05"]

1. d4 e6 2. Nf3 Nf6 3. Nc3 Bb4 4. Bd2 Nc6 5. e3 O-O 6. Bd3 b6 7. a3 Bxc3 8.
Bxc3 Bb7 9. O-O Re8 10. b4 Nd5 11. Bb2 d6 12. c4 Nde7 13. Qc2 g6 14. Qc3 Nf5
15. d5 Ne5 16. Nxe5 dxe5 17. Qxe5 Qg5 18. Qh8# 1-0